El número de oro: ritos y ritmos pitagóricos en el desarrollo de la civilización occidental

Saved in:
書目詳細資料
主要作者: Ghyka, Matila Costiescu (Author)
格式: 圖書
語言:西班牙语
出版: Barcelona Poseidón 1984
版:2a. ed
主題:
標簽: 添加標簽
沒有標簽, 成為第一個標記此記錄!

MARC

LEADER 00000nam a2200000 a 4500
001 UCT0881
003 CL-VaPUC
008 960913e19840000SP |||||||||||||||||spa|d
082 0 4 |a 701.17  |b GHY  |2 21 
100 |a Ghyka, Matila Costiescu  |e author  |9 450732 
245 1 3 |a El número de oro: ritos y ritmos pitagóricos en el desarrollo de la civilización occidental 
250 |a 2a. ed 
300 |a v 
942 |c BK 
945 |d 19960913 00:00:00  |a nastorga 
260 |a Barcelona  |b Poseidón  |c 1984 
500 |a v.1: Los Ritmos 
500 |a v.2: Los Ritos 
600 0 7 |a PITAGORAS  |2 CL-VaPUC  |9 369446 
650 0 |a Estética   |9 264950 
650 0 |a Creación artística   |9 266215 
650 0 |a Diseño artístico  |9 330956 
650 0 |a Arquitectura  |9 804558 
650 7 |a RITOS  |2 CL-VaPUC  |9 337654 
650 0 |a Civilizaciones  |9 267192 
650 0 |a Geometría   |9 264063 
650 7 |a ESOTERISMO  |2 CL-VaPUC  |9 369448 
650 0 |a Política  |9 255312 
650 0 |a Masonería   |9 256238 
651 0 |a Egipto   |9 268199 
583 |a last modification  |c 19960913 00:00:00  |k Rodrigo Vera 
999 |c 251573  |d 251571 
952 |0 0  |1 0  |4 0  |6 701_170000000000000_GHY_1984  |7 0  |8 A  |9 270843  |a BIBARQ  |b BIBARQ  |d 2019-11-19  |h v.1  |i 323004K  |l 1  |o 701.17 GHY 1984  |p 323004K  |r 2025-01-20  |s 2023-04-17  |w 2019-11-19  |y BK  |k ARQ 
952 |0 0  |1 0  |4 0  |6 701_170000000000000_GHY_1984  |7 0  |8 A  |9 270844  |a BIBARQ  |b BIBARQ  |d 2019-11-19  |h v.2  |i 3230058  |o 701.17 GHY 1984  |p 3230058  |r 2025-01-20  |w 2019-11-19  |y BK  |k ARQ